| 000 | 00909nam a2200265Ia 4500 | ||
|---|---|---|---|
| 005 | 20211110132846.0 | ||
| 008 | 131126s2004 ag ad fr 000 0dspa | ||
| 020 | _a9509009113 | ||
| 040 |
_aCO-BoUCM _bspa _cAngélica Rojas (modificó) _dAldemar Mondragón (modificó) |
||
| 041 | 0 | 0 | _aspa |
| 100 | 1 |
_aMinujin, Alberto _940143 |
|
| 245 | 1 | 3 |
_aLa clase media seducida y abandonada _cAlberto Minujin, Eduardo Anguita |
| 260 |
_aBuenos Aires (Argentina) _bEdhasa _c2004 |
||
| 300 |
_a325 páginas _bilustraciones y gráficas |
||
| 490 | 0 | _aEnsayo | |
| 504 | _aIncluye referencias bibliográficas | ||
| 650 | 7 |
_aClase media _910998 |
|
| 650 | 7 |
_aClases sociales _911000 |
|
| 650 | 7 |
_aProletariado _922547 |
|
| 650 | 7 |
_aSociología _9386 |
|
| 690 |
_aSociología _9386 |
||
| 700 | 1 |
_aAnguita, Eduardo _951292 |
|
| 942 |
_cLIBRO _a5 _e1 _mM668c _2DEWEY _h305.508623 |
||
| 999 |
_c37107 _d37107 |
||